| 000 | 00000nas 2200000zi 4500 |
| 001 | 9.932282 |
| 003 | CaOODSP |
| 005 | 20240111153420 |
| 006 | m o d f |
| 007 | cr cn |||||||| |
| 008 | 240110d20132014quctr p o f0### 0eng|d |
| 040 | |aCaOODSP|beng|erda|cCaOODSP |
| 043 | |an-cn--- |
| 086 | 1 |aNM22-1E-PDF |
| 110 | 2 |aCanadian Museum of History.|eauthor, |eissuing body. |
| 245 | 10|aFinancial statements of Canadian Museum of History for the period ended ..., unaudited. |
| 264 | 1|a[Gatineau, Québec] : |bCanadian Museum of History, |c[2014-2015] |
| 310 | |aThree times a year |
| 336 | |atext|btxt|2rdacontent |
| 337 | |acomputer|bc|2rdamedia |
| 338 | |aonline resource|bcr|2rdacarrier |
| 362 | 1 |aBegan with: December 31, 2013; ceased with: December 31, 2014. |
| 500 | |aIssued also in French under title: États financiers Musée canadien de l'histoire pour le trimestre terminé le ..., non audité. |
| 588 | |aDescription based on: December 31, 2013; title from PDF cover page. |
| 588 | |aLatest issue consulted: December 31, 2014. |
| 610 | 20|aCanadian Museum of History|xFinance|vPeriodicals. |
| 650 | 0|aFinancial statements, Unaudited|zCanada|vPeriodicals. |
| 650 | 0|aFinance, Public|zCanada|vPeriodicals. |
| 655 | 7|aPeriodicals|2lcgft |
| 775 | 08|tÉtats financiers Musée canadien de l'histoire pour le trimestre terminé le ..., non audité.|w(CaOODSP)9.932281 |
| 780 | 00|tFinancial statements of Canadian Museum of Civilization for the period ended ..., unaudited.|w(CaOODSP)9.931353 |
| 785 | 00|tQuarterly financial report for the ... month period ended ..., unaudited.|w(CaOODSP)9.932287 |